000
00272nam a2200121Ia 4500
008
221030s9999 xx 000 0 und d
041
_a
English
100
_a
Y. P. Kanetkar
245
0
_a
Let us C Solutions
_c
by Y. P. Kanetkar
260
_c
0
650
_a
B
942
_c
BK
999
_c
13988
_d
13988